Sciences physiques classes de seconde Première et Terminale.

Horaires, objectifs, programmes, instructions; Enseignements communs, Enseignements optionnels….

Spremljeno u:
Bibliografski detalji
Format: Knjiga
Jezik:French
Izdano: Paris : Centre national, 1988.
Teme:
Oznake: Dodaj oznaku
Bez oznaka, Budi prvi tko označuje ovaj zapis!
Thư viện lưu trữ: Mạng thư viện Đại học Đà Nẵng
LEADER 00877cam a2200325 i 4500
001 000044290
003 2655
005 20030221135809.0
008 010307|1988 vm 000 fre
020 |a 2240702397 
022 |a T 
040 |a IRC  |c IRC  |d IRC 
041 0 |a fre 
082 1 4 |a 530.01  |b Sc-P 
245 0 0 |a Sciences physiques classes de seconde Première et Terminale. 
260 |a Paris :  |b Centre national,  |c 1988. 
300 |a 214P. ;  |c 23.5cm. 
520 3 |a Horaires, objectifs, programmes, instructions; Enseignements communs, Enseignements optionnels…. 
630 0 4 |a Physiques. 
650 0 4 |a Physiques  |x Sciences. 
OWN |a DUT 
999 |a From the UDN01 
TYP |a Monograph 
TYP |a Printed language 
980 |a Mạng thư viện Đại học Đà Nẵng